ՀՀ Գիտությունների ազգային ակադեմիայի հիմնարար գիտական գրադարան  =   Fundamental Scientific Library of NAS RA

Совершенствование разработки нефтяных месторождений / (Record no. 311154)

MARC details
000 -LEADER
fixed length control field 00870nam a2200217 a 4500
001 - CONTROL NUMBER
control field 000889741
003 - CONTROL NUMBER IDENTIFIER
control field AM-YeHGA
005 - DATE AND TIME OF LATEST TRANSACTION
control field 20250617145411.0
008 - FIXED-LENGTH DATA ELEMENTS--GENERAL INFORMATION
fixed length control field 120507s1973 ru r 000 0 rus d
040 ## - CATALOGING SOURCE
Original cataloging agency AM-YeHGA
041 0# - LANGUAGE CODE
Language code of text/sound track or separate title rus
090 ## - LOCALLY ASSIGNED LC-TYPE CALL NUMBER (OCLC); LOCAL CALL NUMBER (RLIN)
-- 312872
100 1# - MAIN ENTRY--PERSONAL NAME
Personal name Ованесов, Гурген Павлович
245 10 - TITLE STATEMENT
Title Совершенствование разработки нефтяных месторождений /
Statement of responsibility, etc. Г.П. Ованесов, Э. М. Халимов, М. Г. Ованесов.
260 ## - PUBLICATION, DISTRIBUTION, ETC.
Place of publication, distribution, etc. Москва :
Name of publisher, distributor, etc. Недра,
Date of publication, distribution, etc. 1973.
300 ## - PHYSICAL DESCRIPTION
Extent 192 с.
504 ## - BIBLIOGRAPHY, ETC. NOTE
Bibliography, etc. note Библиогр.: с. 187-190
653 0# - INDEX TERM--UNCONTROLLED
Uncontrolled term Нефтяная промышленность - Разработка месторождений
700 1# - ADDED ENTRY--PERSONAL NAME
Personal name Халимов, Элих Мазитович
700 1# - ADDED ENTRY--PERSONAL NAME
Personal name Ованесов, Михаил Гургенович
Holdings
Withdrawn status Lost status Damaged status Not for loan Collection Home library Current library Date acquired Total checkouts Full call number Barcode Date last seen Price effective from Koha item type Public note
        General Fundamental Scientific Library Fundamental Scientific Library 09/01/2017   PII/317935 FL0227662 09/01/2017 09/01/2017 Գրքեր / Books 30 Days Loan


ՀՀ ԳԱԱ հիմնարար գիտական գրադարան
ՀՀ,Երևան 0019
Մարշալ Բաղրամյան 24/6
հեռախոս:(374-10) 52-47-50
Հետադարձ կապ

All site content, except where otherwise noted, is licensed under a
Creative Commons License